000 00367nam a22001577a 4500
003 CEME
005 20210628203354.0
008 210115b xxu||||| |||| 00| 0 eng d
040 _cceme
082 _a891.4391 KUL
100 _aAlama Muhammad Iqbal
_923687
245 _aQuliat-e-iqbal
260 _bNAWAB SONS
_c2008
650 _aFAIZA
_961097
942 _cBK
_2ddc
999 _c573367
_d573367